000 00486ngm a2200217 a 4500
003 OSt
005 20251020182701.0
008 240217s9999 xx 000 0 und d
040 _aPE SENCICO BE
040 _cPE SENCICO BE
041 _aspa
082 _aL013
245 0 _aLa vanguardia hace pausas Diseño alemán /
260 _cNo precisa
300 _a1 VIDEO
300 _bson., Col.
300 _c45'
650 _aCONSTRUCCION
910 _aila.
942 _cVID
_2ddc
999 _c4815
_d4815